[Event "SVK-ch Amateurs"]
[Site "Liptovsky Jan"]
[Date "2023.06.17"]
[Round "6"]
[White "Geci, Richard"]
[Black "Kostka, Pavol"]
[Result "0-1"]
[WhiteElo "1293"]
[BlackElo "1637"]
[PlyCount "84"]
[EventDate "2023.06.15"]
[EventType "swiss"]
[EventRounds "8"]
[EventCountry "SVK"]
[SourceTitle "CBM 214 Extra"]
[Source "ChessBase"]
[SourceDate "2023.07.31"]
[SourceVersion "1"]
[SourceVersionDate "2023.07.31"]
[SourceQuality "1"]

1. c4 e5 2. Nc3 Nf6 3. Nf3 e4 4. Ng5 Qe7 5. Qc2 Nc6 6. Ngxe4 Nxe4 7. Qxe4 d6 8. Qxe7+ Bxe7 9. Nd5 Kd8 10. e3 Be6 11. a3 a5 12. Nxe7 Kxe7 13. d4 d5 14. c5 a4 15. Bd2 g5 16. Bb5 Bd7 17. Bxc6 Bxc6 18. 0-0 g4 19. f3 h5 20. fxg4 hxg4 21. Rf4 Rag8 22. Raf1 Rh7 23. g3 Bb5 24. R1f2 Bd3 25. Ba5 c6 26. Rd2 Be4 27. Rf1 Rgh8 28. Bc7 f6 29. Bf4 Ke6 30. Rc1 Ra8 31. Rc3 Ra5 32. b3 axb3 33. Rxb3 Ra4 34. Rc3 Rc4 35. Rxc4 dxc4 36. Ra2 c3 37. Ra1 c2 38. Rc1 Kd5 39. Kf2 Rxh2+ 40. Ke1 Kc4 41. Bc7 Kd3 42. Ba5 Rh1+ 0-1